|
|
|
|
| LEADER |
00975nam a2200253 a 4500 |
| 001 |
729646 |
| 008 |
110714s1998 caua 001 0 eng d |
| 010 |
|
|
|a 98085538
|
| 020 |
|
|
|a 8176560227
|
| 020 |
|
|
|a 0782122736
|
| 040 |
|
|
|a AzM
|c AzM
|d Uk
|d DLC
|d BD-DhAAL
|
| 042 |
|
|
|a lccopycat
|
| 082 |
0 |
0 |
|a 005.13/3
|2 21
|
| 100 |
1 |
|
|a Young, Michael J.
|
| 245 |
1 |
0 |
|a Mastering Visual C++ 6 /
|c Michael J. Young.
|
| 260 |
|
|
|a San Francisco :
|b Sybex ;
|a New Delhi :
|b BPB Publications,
|c c1998.
|
| 300 |
|
|
|a xxiv, 1397 p. :
|b ill. ;
|c 23 cm. +
|e 1 computer laser optical disc (4 3/4 in.)
|
| 500 |
|
|
|a Includes index.
|
| 541 |
|
|
|e 00012872
|
| 650 |
|
0 |
|a C++ (Computer program language)
|
| 630 |
0 |
0 |
|a Microsoft Visual C++.
|
| 852 |
1 |
|
|a Ayesha Abed Library
|c General Shelf.
|
| 999 |
|
|
|c 11081
|d 11081
|
| 952 |
|
|
|0 0
|1 0
|2 ddc
|4 0
|6 005_133000000000000_YOU
|7 0
|9 17452
|a BRACUL
|b BRACUL
|c GEN
|d 2011-07-15
|l 1
|o 005.133 YOU
|p 3010012872
|r 2024-09-03
|s 2024-09-03
|t 1
|w 2011-07-15
|y BK
|x Price not available in Register
|